<?xml version="1.0" encoding="UTF-8"?><?xml-stylesheet type="text/xsl" href="static/style.xsl"?><OAI-PMH xmlns="http://www.openarchives.org/OAI/2.0/" xmlns:xsi="http://www.w3.org/2001/XMLSchema-instance" xsi:schemaLocation="http://www.openarchives.org/OAI/2.0/ http://www.openarchives.org/OAI/2.0/OAI-PMH.xsd"><responseDate>2026-04-27T08:16:52Z</responseDate><request verb="GetRecord" identifier="oai:uvadoc.uva.es:10324/70355" metadataPrefix="marc">https://uvadoc.uva.es/oai/request</request><GetRecord><record><header><identifier>oai:uvadoc.uva.es:10324/70355</identifier><datestamp>2025-02-04T10:58:54Z</datestamp><setSpec>com_10324_38</setSpec><setSpec>col_10324_852</setSpec></header><metadata><record xmlns="http://www.loc.gov/MARC21/slim" xmlns:doc="http://www.lyncode.com/xoai" xmlns:xsi="http://www.w3.org/2001/XMLSchema-instance" xmlns:dcterms="http://purl.org/dc/terms/" xsi:schemaLocation="http://www.loc.gov/MARC21/slim http://www.loc.gov/standards/marcxml/schema/MARC21slim.xsd">
<leader>00925njm 22002777a 4500</leader>
<datafield tag="042" ind1=" " ind2=" ">
<subfield code="a">dc</subfield>
</datafield>
<datafield tag="720" ind1=" " ind2=" ">
<subfield code="a">Val Miguel, Paloma</subfield>
<subfield code="e">author</subfield>
</datafield>
<datafield tag="260" ind1=" " ind2=" ">
<subfield code="c">2024</subfield>
</datafield>
<datafield tag="520" ind1=" " ind2=" ">
<subfield code="a">El presente Trabajo de Fin de Grado presenta una propuesta educativa que resalta &#xd;
la importancia del juego como metodología para promover la expresión artística en la &#xd;
Educación Infantil. El estudio analiza la evolución de la educación artística y el papel del &#xd;
juego, tomando como base la metodología pedagógica de Bruno Munari. Esta influencia &#xd;
se refleja en el diseño de una intervención innovadora y lúdica que se lleva a cabo en un &#xd;
aula de Educación Infantil, a través de actividades vivenciales y participativas que &#xd;
incorporan el juego como componente central.</subfield>
</datafield>
<datafield tag="024" ind2=" " ind1="8">
<subfield code="a">https://uvadoc.uva.es/handle/10324/70355</subfield>
</datafield>
<datafield tag="245" ind1="0" ind2="0">
<subfield code="a">Bruno Munari: el arte y el juego como herramientas de expresión artística en Educación Infantil</subfield>
</datafield>
</record></metadata></record></GetRecord></OAI-PMH>